Fifth Generation computers - advent of a new era in technology (Record no. 6296)

000 -LEADER
fixed length control field 00362pab a2200145 454500
008 - FIXED-LENGTH DATA ELEMENTS--GENERAL INFORMATION
fixed length control field 180718b1985 xxu||||| |||| 00| 0 eng d
100 ## - MAIN ENTRY--PERSONAL NAME
Personal name Bhatnagar, S.K.
245 ## - TITLE STATEMENT
Title Fifth Generation computers - advent of a new era in technology
260 ## - PUBLICATION, DISTRIBUTION, ETC.
Date of publication, distribution, etc. 1985
300 ## - PHYSICAL DESCRIPTION
Extent 19-28
362 ## - DATES OF PUBLICATION AND/OR SEQUENTIAL DESIGNATION
Dates of publication and/or sequential designation Apr.
650 ## - SUBJECT ADDED ENTRY--TOPICAL TERM
Topical term or geographic name entry element Computers
773 ## - HOST ITEM ENTRY
Main entry heading Defence Management
909 ## -
-- 6296
Holdings
Withdrawn status Lost status Damaged status Not for loan Permanent Location Current Location Date acquired Serial Enumeration / chronology Barcode Date last seen Price effective from Koha item type
        Indian Institute of Public Administration Indian Institute of Public Administration 2018-07-19 Volume no: 12, Issue no: 1 AR6306 2018-07-19 2018-07-19 Articles

Powered by Koha